LIBRARY ONLINE CATALOGUE

K. A. T. C. Final level revision guide (volume I) : (Record no. 10932)

MARC details
000 -LEADER
fixed length control field 00648cam a22002052 4500
001 - CONTROL NUMBER
control field 0000007308
005 - DATE AND TIME OF LATEST TRANSACTION
control field 20151217154401.0
008 - FIXED-LENGTH DATA ELEMENTS--GENERAL INFORMATION
fixed length control field 080107s xx 000 0 eng d
020 ## - INTERNATIONAL STANDARD BOOK NUMBER
Terms of availability KES 850
040 ## - CATALOGING SOURCE
Original cataloging agency KABU
Transcribing agency KABU
100 1# - MAIN ENTRY--PERSONAL NAME
Personal name Saleemi, Nisar Ahmad.
-- 0000151299
245 10 - TITLE STATEMENT
Title K. A. T. C. Final level revision guide (volume I) :
Remainder of title model test papers questions and suggested anwers /
Statement of responsibility, etc. Nisar Ahmad Saleemi.
250 ## - EDITION STATEMENT
Edition statement 4th ed.
260 ## - PUBLICATION, DISTRIBUTION, ETC. (IMPRINT)
Place of publication, distribution, etc. Nairobi :
Name of publisher, distributor, etc. N. A. Saleemi
Date of publication, distribution, etc. 2000.
300 ## - PHYSICAL DESCRIPTION
Extent 646 p.
650 #0 - SUBJECT ADDED ENTRY--TOPICAL TERM
Topical term or geographic name as entry element Accounting.
-- 0000148321
908 ## - PUT COMMAND PARAMETER (RLIN)
Put command parameter 080107
950 ## - LOCAL HOLDINGS (RLIN)
-- 1
Holdings
Withdrawn status Lost status Source of classification or shelving scheme Not for loan Home library Current library Date acquired Total Checkouts Total Renewals Full call number Barcode Date last seen Date last checked out Price effective from Koha item type
    Library of Congress Classification   Kabarak, Main Campus Kabarak, Main Campus 17/12/2015 26 4 HF5661 .S25 2000 v. 1 011700 08/08/2023 25/07/2023 17/12/2015 General Collection